00506nam a2200181 a 4500001001300000003000900013005001700022008003800039020002300077082001700100100002900117245003900146260003700185300000900222500003500231650002900266700002900295nice12345678IN_TiNIC20260116014923.0091231s1972 a grp 000 0 eng  a0195002075 c10000a306.630bCOC aCochrane, Charles Norris aChristianity and Classical Culture abOxford University Press c1972 a523p aincludes index and biblioraphy aChristianity And Culture1 aCochrane, Charles Norris